LEADER 00830cam0 2200265 450 001 E600200068155 005 20101029090044.0 100 $a20101029dS.D. |||||ita|0103 ba 101 $aita 102 $aIT 200 1 $aPomerio$fPierangelo Catalano 210 $aTorino$cUTET$d[s.d.] 215 $a12 p.$d20 cm 300 $a(mm) 300 $aEstr. da: Novissimo digesto italiano 700 1$aCatalano$b, Pierangelo$3A600200055762$4070$0235933 801 0$aIT$bUNISOB$c20101029$gRICA 850 $aUNISOB 852 $aUNISOB$jFondo|Casavola|Opusc$m151591 912 $aE600200068155 940 $aM 102 Monografia moderna SBN 941 $aM 957 $b1170$gSi$d151591$hCasavola$rdono$1menle$2UNISOB$3UNISOB$420101029090046.0$520101029090121.0$6menle$aFondo|Casavola|Opusc 996 $aPomerio$91699870 997 $aUNISOB